[Event "New York op"]
[Site "New York"]
[Date "1994.??.??"]
[Round "4"]
[White "Solomon, Daniela"]
[Black "Lombardy, William James"]
[Result "0-1"]
[WhiteElo "2275"]
[BlackElo "2450"]
[PlyCount "86"]
[EventDate "1994.03.30"]
[EventType "swiss"]
[EventRounds "9"]
[EventCountry "USA"]
[SourceTitle "CBM 040 Extra"]
[Source "ChessBase"]
[SourceDate "1994.07.01"]
[SourceVersion "1"]
[SourceVersionDate "1994.07.01"]
[SourceQuality "1"]

1. c4 g6 2. Nf3 Bg7 3. g3 f5 4. d4 Nf6 5. Bg2 0-0 6. 0-0 d6 7. Nc3 Nc6 8. d5 Na5 9. Nd2 c5 10. Qc2 a6 11. a4 e5 12. dxe6 Bxe6 13. Qd3 Nc6 14. e4 Ng4 15. Ne2 Nge5 16. Qc2 Nb4 17. Qb3 fxe4 18. Nf4 Bf7 19. Bxe4 Rb8 20. Bd5 Nxd5 21. cxd5 Re8 22. h4 Qd7 23. a5 Qf5 24. Ra4 h6 25. f3 g5 26. g4 Nxg4 27. fxg4 Qxg4+ 28. Kh1 Qxh4+ 29. Nh3 g4 30. Raf4 Re7 31. R1f3 Re1+ 32. Nf1 Rxc1 33. Rxf7 gxf3 34. Qxf3 Re8 35. Rf4 Qe1 36. Qg2 Re2 37. Qg4 Qxf1+ 38. Rxf1 Rxf1+ 39. Ng1 Ree1 40. Qc8+ Kh7 41. Kg2 Rxg1+ 42. Kf3 Re7 43. Qf5+ Rg6 0-1